00393nam a2200169Ia 4500003000400000005001700004008004100021020001900062040000700081041000800088082001600096100002000112245002900132260003900161300000900200650001400209OSt20250818113713.0250729s2005 xx 000 0 und d a978-8176489522 cAL aeng a370.71 SIDT aSawhney P Gupta aLetter writing made easy aNew DelhibAshish Publishingc2005 a150p aEducation